| 000 | 00657nam a22002057a 4500 | ||
|---|---|---|---|
| 999 |
_c173261 _d173261 |
||
| 005 | 20200221105311.0 | ||
| 010 | _aENG-127926 | ||
| 020 |
_a9788194348269 _c895.00 |
||
| 035 | _aEN-111458 | ||
| 037 | _bDBAD/PUB | ||
| 082 | _a338.4735500954 | ||
| 100 | _aSharma,Deepak | ||
| 245 |
_aDefence Development and National Security / _cby Sharma,Deepak |
||
| 250 | _a2019 | ||
| 260 |
_aNew Delhi _bSunshine Books _c2019 |
||
| 270 |
_a4760-4761, 2nd Floor, 23 Ansari Road, Daryaganj _bNew Delhi _e110002 |
||
| 300 |
_av;188p. _c22cm(hb) |
||
| 500 | _aincludes bibliographical references and index | ||
| 942 |
_2ddc _cEN _h338.4735500954 _mSHA |
||